[Event "Ceske Budejovice GM-A"]
[Site "Ceske Budejovice"]
[Date "2025.06.28"]
[Round "1"]
[White "Bronstein, Or"]
[Black "Zeman, Matyas"]
[Result "1-0"]
[WhiteElo "2443"]
[BlackElo "2318"]
[PlyCount "57"]
[EventDate "2025.06.28"]
[EventType "tourn"]
[EventRounds "9"]
[EventCountry "CZE"]
[EventCategory "10"]
[SourceTitle "CB28_2025"]
[SourceDate "2025.07.09"]
[SourceVersion "1"]
[SourceVersionDate "2025.07.09"]
[SourceQuality "1"]

1. d4 d5 2. c4 e6 3. Nc3 Nf6 4. cxd5 exd5 5. Bg5 Be7 6. e3 0-0 7. Bd3 h6 8. Bh4 c6 9. Nge2 Re8 10. 0-0 a5 11. h3 Na6 12. Rc1 Nc7 13. Bg3 Ne6 14. Be5 Nd7 15. Bb1 Nxe5 16. dxe5 Qb6 17. Na4 Qc7 18. f4 b5 19. Nac3 Qb6 20. Nd4 Nxd4 21. exd4 f5 22. Kh2 Rf8 23. g4 Be6 24. Ne2 Bh4 25. Rc5 Rac8 26. gxf5 Rxf5 27. Rg1 Be7 28. Bxf5 Bxf5 29. Ng3 1-0

[Event "WchT Blitz Pool B"]
[Site "London"]
[Date "2025.06.14"]
[Round "10.4"]
[White "Bronstein, Or"]
[Black "Lishoy Gengis Paratazham, Dildarav"]
[Result "1-0"]
[WhiteElo "2443"]
[BlackElo "2084"]
[PlyCount "71"]
[EventDate "2025.06.14"]
[EventType "team-tourn"]
[EventRounds "13"]
[EventCountry "ENG"]
[SourceTitle "CB25_2025"]
[SourceDate "2025.06.18"]
[SourceVersion "1"]
[SourceVersionDate "2025.06.18"]
[SourceQuality "1"]
[WhiteTeam "Rishon LeZion"]
[BlackTeam "Sassy Seniors"]
[WhiteTeamCountry "ISR"]
[BlackTeamCountry "ENG"]

1. d4 Nf6 2. c4 e6 3. Nf3 Bb4+ 4. Bd2 Be7 5. g3 0-0 6. Bg2 d5 7. 0-0 Nbd7 8. b4 c6 9. a4 Ne4 10. Qc2 Nxd2 11. Qxd2 dxc4 12. Qc3 a5 13. bxa5 Qxa5 14. Qxc4 Nf6 15. Nbd2 Bd7 16. Rfb1 b5 17. Qc2 bxa4 18. Nc4 Qc7 19. Nfe5 a3 20. Nb6 Rad8 21. Nbxd7 Nxd7 22. Nxc6 Bd6 23. Rxa3 Kh8 24. Ra7 Qc8 25. Qa4 Rde8 26. Rbb7 Nb8 27. Rxf7 Rxf7 28. Rxf7 Kg8 29. Ra7 Nxc6 30. Bxc6 Rf8 31. e3 Qb8 32. Rb7 Qc8 33. Qa7 Kh8 34. Rxg7 Qb8 35. Rxh7+ Kg8 36. Qg7# 1-0

[Event "WchT Blitz Pool B"]
[Site "London"]
[Date "2025.06.14"]
[Round "11.4"]
[White "Ratnesan, Ranesh"]
[Black "Bronstein, Or"]
[Result "1/2-1/2"]
[WhiteElo "2138"]
[BlackElo "2443"]
[PlyCount "131"]
[EventDate "2025.06.14"]
[EventType "team-tourn"]
[EventRounds "13"]
[EventCountry "ENG"]
[SourceTitle "CB25_2025"]
[SourceDate "2025.06.18"]
[SourceVersion "1"]
[SourceVersionDate "2025.06.18"]
[SourceQuality "1"]
[WhiteTeam "Oxbridge"]
[BlackTeam "Rishon LeZion"]
[WhiteTeamCountry "ENG"]
[BlackTeamCountry "ISR"]

1. d4 Nf6 2. Nf3 g6 3. Bg5 Bg7 4. Nbd2 0-0 5. e4 d5 6. Bd3 dxe4 7. Nxe4 Bf5 8. Nxf6+ exf6 9. Be3 Bxd3 10. Qxd3 f5 11. 0-0 Nd7 12. Bf4 Nf6 13. Be5 c6 14. Rad1 a5 15. a4 Nd5 16. c3 Bh6 17. h3 f4 18. c4 Nb4 19. Qd2 g5 20. d5 c5 21. b3 Qd7 22. Nh2 f6 23. Bc3 Bg7 24. Rfe1 Rae8 25. Rxe8 Rxe8 26. Re1 Kf7 27. Re2 Qf5 28. Rxe8 Kxe8 29. Qe2+ Kd7 30. Qg4 Qxg4 31. hxg4 Nd3 32. Bd2 Ne5 33. f3 Nd3 34. Nf1 h5 35. gxh5 f5 36. g4 Ne5 37. Kg2 fxg4 38. fxg4 Nxg4 39. Kf3 Nf6 40. Nh2 b6 41. Ng4 Nxh5 42. Be1 Kd6 43. Ke4 Ng3+ 44. Bxg3 fxg3 45. Kf3 Ke7 46. Kxg3 Kf7 47. Kf3 Kg6 48. Ke4 Kh5 49. Kf5 Kh4 50. d6 Bf8 51. d7 Be7 52. Ne5 Bd8 53. Nc6 Bc7 54. d8Q Bxd8 55. Nxd8 g4 56. Ne6 Kg3 57. Ke4 Kf2 58. Nf4 g3 59. Kd5 Ke3 60. Ng2+ Kf3 61. Nh4+ Kg4 62. Ng2 Kf3 63. Ne1+ Ke2 64. Ng2 Kf3 65. Nh4+ Kg4 66. Ng2 1/2-1/2

[Event "WchT Rapid"]
[Site "London"]
[Date "2025.06.13"]
[Round "9.4"]
[White "Mamedov, Edgar"]
[Black "Bronstein, Or"]
[Result "0-1"]
[WhiteElo "2324"]
[BlackElo "2345"]
[PlyCount "92"]
[EventDate "2025.06.11"]
[EventType "team-swiss"]
[EventRounds "12"]
[EventCountry "ENG"]
[SourceTitle "CB25_2025"]
[SourceDate "2025.06.18"]
[SourceVersion "1"]
[SourceVersionDate "2025.06.18"]
[SourceQuality "1"]
[WhiteTeam "Barys.kz"]
[BlackTeam "Rishon LeZion"]
[WhiteTeamCountry "KAZ"]
[BlackTeamCountry "ISR"]

1. d4 Nf6 2. c4 e6 3. Nf3 d5 4. Nc3 Nbd7 5. Bf4 Bb4 6. cxd5 exd5 7. e3 Ne4 8. Rc1 g5 9. Be5 f6 10. Bg3 h5 11. Qb3 Bxc3+ 12. bxc3 Nb6 13. h4 Nxg3 14. fxg3 Qd6 15. Kf2 gxh4 16. Rxh4 Bg4 17. Qb5+ c6 18. Qb4 Qc7 19. Nh2 Be6 20. Be2 0-0-0 21. Nf1 Kb8 22. Qb2 Rdg8 23. Qd2 Bg4 24. Bxg4 hxg4 25. Rxh8 Rxh8 26. Qd3 Qd7 27. Rc2 Nc4 28. e4 Nd6 29. exd5 cxd5 30. Nd2 Qe6 31. Rc1 Re8 32. Rh1 Ne4+ 33. Nxe4 dxe4 34. Qc2 e3+ 35. Ke1 Qd6 36. Qe2 Qc7 37. c4 Qxg3+ 38. Kd1 Qf4 39. Kc2 Qxd4 40. Rd1 Qe4+ 41. Kb3 f5 42. a3 a6 43. Rd6 Qb1+ 44. Ka4 Re4 45. Rd5 Rxc4+ 46. Qxc4 b5+ 0-1

[Event "WchT Rapid"]
[Site "London"]
[Date "2025.06.11"]
[Round "4.4"]
[White "Bronstein, Or"]
[Black "Willow, Jonah B"]
[Result "1-0"]
[WhiteElo "2345"]
[BlackElo "2322"]
[PlyCount "61"]
[EventDate "2025.06.11"]
[EventType "team-swiss"]
[EventRounds "12"]
[EventCountry "ENG"]
[SourceTitle "CB25_2025"]
[SourceDate "2025.06.18"]
[SourceVersion "1"]
[SourceVersionDate "2025.06.18"]
[SourceQuality "1"]
[WhiteTeam "Rishon LeZion"]
[BlackTeam "Wood Green"]
[WhiteTeamCountry "ISR"]
[BlackTeamCountry "ENG"]

1. d4 Nf6 2. c4 g6 3. Nc3 Bg7 4. e4 d6 5. Be2 0-0 6. h3 Nc6 7. d5 Ne5 8. Bg5 c6 9. Nf3 Nxf3+ 10. Bxf3 cxd5 11. cxd5 h6 12. Be3 e6 13. Qd2 exd5 14. exd5 Kh7 15. 0-0 Re8 16. a4 Bf5 17. Bd4 a6 18. a5 Rc8 19. g4 Bd7 20. Qf4 Rc4 21. Rfd1 Bc8 22. b3 Rb4 23. Ra4 Rxb3 24. Rc4 Qe7 25. Rc1 Nd7 26. Bd1 Bxd4 27. Rxd4 Nc5 28. Bxb3 Nxb3 29. Re4 Qd7 30. Rce1 Rxe4 31. Nxe4 1-0

[Event "EU-ch 25th"]
[Site "Eforie Nord"]
[Date "2025.03.25"]
[Round "10"]
[White "Chigaev, Maksim"]
[Black "Bronstein, Or"]
[Result "1-0"]
[WhiteElo "2629"]
[BlackElo "2451"]
[PlyCount "60"]
[EventDate "2025.03.15"]
[EventType "swiss"]
[EventRounds "11"]
[EventCountry "ROU"]
[SourceTitle "CB13_2025"]
[SourceDate "2025.03.26"]
[SourceVersion "1"]
[SourceVersionDate "2025.03.26"]
[SourceQuality "1"]

1. e4 c5 2. Nf3 d6 3. d4 cxd4 4. Nxd4 Nf6 5. Nc3 a6 6. Be3 e5 7. Nb3 Be6 8. h3 Be7 9. f4 Nc6 10. f5 Bxb3 11. axb3 d5 12. exd5 Nb4 13. Bf2 0-0 14. g4 e4 15. Bg2 Qc7 16. 0-0 Rad8 17. Nxe4 Nfxd5 18. Qf3 Qxc2 19. g5 Qd3 20. Qg4 Ne3 21. Bxe3 Qxe3+ 22. Kh1 Nd3 23. f6 Bd6 24. fxg7 Kxg7 25. Rf3 Qd4 26. Rd1 Be5 27. Rfxd3 Qxd3 28. Rxd3 Rxd3 29. Bf1 Re3 30. Qf5 Bxb2 1-0

[Event "EU-ch 25th"]
[Site "Eforie Nord"]
[Date "2025.03.19"]
[Round "5"]
[White "Bronstein, Or"]
[Black "Manea, Alexandru"]
[Result "1/2-1/2"]
[WhiteElo "2451"]
[BlackElo "2260"]
[PlyCount "47"]
[EventDate "2025.03.15"]
[EventType "swiss"]
[EventRounds "11"]
[EventCountry "ROU"]
[SourceTitle "CB13_2025"]
[SourceDate "2025.03.26"]
[SourceVersion "1"]
[SourceVersionDate "2025.03.26"]
[SourceQuality "1"]

1. d4 Nf6 2. c4 e6 3. Nf3 b6 4. g3 Bb7 5. Bg2 Be7 6. 0-0 0-0 7. Re1 d5 8. cxd5 exd5 9. Nc3 Nbd7 10. Bf4 h6 11. h4 a6 12. Ne5 c5 13. e3 Ra7 14. Qa4 Nxe5 15. dxe5 Ne4 16. Nxe4 b5 17. Qc2 dxe4 18. Rad1 Qc8 19. Bxe4 Bxe4 20. Qxe4 g5 21. hxg5 hxg5 22. Bxg5 Bxg5 23. f4 Qg4 24. Kf2 1/2-1/2

[Event "EU-ch 25th"]
[Site "Eforie Nord"]
[Date "2025.03.15"]
[Round "1"]
[White "Bronstein, Or"]
[Black "Bognar, Csaba"]
[Result "1-0"]
[WhiteElo "2451"]
[BlackElo "2082"]
[PlyCount "59"]
[EventDate "2025.03.15"]
[EventType "swiss"]
[EventRounds "11"]
[EventCountry "ROU"]
[SourceTitle "CB13_2025"]
[SourceDate "2025.03.26"]
[SourceVersion "1"]
[SourceVersionDate "2025.03.26"]
[SourceQuality "1"]

1. d4 Nf6 2. c4 g6 3. Nc3 Bg7 4. e4 d6 5. Be2 0-0 6. Be3 c5 7. d5 Ne8 8. g4 f5 9. gxf5 gxf5 10. exf5 Bxf5 11. Nf3 Nd7 12. h4 Ndf6 13. Rg1 Ng4 14. Bg5 Qd7 15. Qd2 Kh8 16. h5 h6 17. Be3 Qc7 18. 0-0-0 Kh7 19. Ng5+ hxg5 20. Bxg4 Bh6 21. Bxf5+ Rxf5 22. Ne4 Ng7 23. Bxg5 Bxg5 24. Nxg5+ Kh8 25. Rg2 Raf8 26. Rdg1 Rf4 27. Qc2 Nf5 28. Ne6 Nd4 29. Nxf8 Rxf8 30. Qd2 1-0

[Event "ISR-ch"]
[Site "Eilat"]
[Date "2025.01.27"]
[Round "8"]
[White "Alekseev, Evgeny V"]
[Black "Bronstein, Or"]
[Result "1/2-1/2"]
[WhiteElo "2518"]
[BlackElo "2452"]
[PlyCount "84"]
[EventDate "2025.01.20"]
[EventType "swiss"]
[EventRounds "9"]
[EventCountry "ISR"]
[SourceTitle "CB05_2025"]
[SourceDate "2025.01.29"]
[SourceVersion "1"]
[SourceVersionDate "2025.01.29"]
[SourceQuality "1"]

1. e4 c5 2. Nf3 d6 3. d4 cxd4 4. Nxd4 Nf6 5. Nc3 a6 6. h3 e5 7. Nde2 h5 8. g3 Be7 9. Bg2 b5 10. 0-0 Nbd7 11. Be3 0-0 12. Nd5 Nxd5 13. Qxd5 Rb8 14. Qd1 Nf6 15. a3 Be6 16. Nc3 Qd7 17. Kh2 Rfc8 18. Bg5 b4 19. axb4 Rxb4 20. Bxf6 Bxf6 21. Rxa6 h4 22. Rxd6 Qe7 23. Nd5 Bxd5 24. Rxd5 Rxb2 25. Rd2 Bg5 26. Re2 Rc3 27. Qa1 Rbxc2 28. Rxc2 Rxc2 29. Kh1 Qc7 30. Qd1 Be7 31. Qg4 Qd8 32. Qf5 Qd4 33. Qf3 g6 34. Kh2 Kg7 35. Kh1 Qd2 36. Kh2 Qg5 37. Qg4 hxg3+ 38. fxg3 Qxg4 39. hxg4 Bc5 40. Rf3 Bd4 41. Kh3 Rc8 42. Bf1 Rc3 1/2-1/2